Business ethics : a European approach

Αποθηκεύτηκε σε:
Λεπτομέρειες βιβλιογραφικής εγγραφής
Άλλοι συγγραφείς: Harvey, Brian M. A. (Επιμελητής έκδοσης)
Μορφή: Βιβλίο
Γλώσσα:English
Δημοσίευση: New York : Prentice Hall, 1994
Θέματα:
Ετικέτες: Προσθήκη ετικέτας
Δεν υπάρχουν, Καταχωρήστε ετικέτα πρώτοι!

MARC

LEADER 00000cam a2200000 i 4500
001 1/55691
008 980427s1994 eng d
020 |a 0130956961 
035 |l 10027894 
040 |a GR-MY-UA  |b gre  |e aacr 
041 0 |a eng 
082 0 |a 174.4094 
245 1 0 |a Business ethics :  |b a European approach /  |c edited by: Brian Harvey 
260 |a New York :   |b Prentice Hall,   |c 1994 
300 |a vii, 258 p. 
504 |a Includes index 
650 0 0 |a Business ethics  |z Europe. 
700 1 |a Harvey, Brian M. A.  |4 edt 
852 |a INST  |b CHIOS  |e 19980427  |h 174.4094 BUS  |p 005200009519  |q 005200009519  |t BK  |y 0 
901 |a BIBL-1998-1 
909 |a Χ  |b 054377 
922 |a 2ΕΛΗ  |b 199803  |c ΤΔΕ  |d ΠΑΠΑΣΩΤΗΡΙΟΥ